| 000 | 01031 a2200241 4500 | ||
|---|---|---|---|
| 005 | 2011090202092.0 | ||
| 008 | 090302t xxu||||| |||| 00| 0 eng d | ||
| 010 | _aG-001274 | ||
| 020 |
_a9788190575065 _c695.00 |
||
| 035 | _aG-001274 | ||
| 037 | _bBetter Books/ | ||
| 082 | _a647.9402354 | ||
| 100 |
_aChaudhary, J.K. _934130 |
||
| 245 |
_aCareer in hospatility, travel and tourism industry/ _cby J.K. Chaudhary |
||
| 260 |
_aPanchkula _bBetter Books _c2009 |
||
| 270 |
_a1471, Sector-15 _bKerala _cPanchkula _e134113 _l0172-2707562 |
||
| 300 |
_a293 p.: _c23cm ( Hb) |
||
| 650 |
_aTourism--Vocational guidance _934131 |
||
| 650 |
_aHospitality industry--Vocational guidance _934132 |
||
| 942 |
_adpl _cEN _2ddc _h647.9402354 _mCHA |
||
| 999 |
_c56198 _d56198 |
||